Faith and power : (Record no. 592632)

000 -LEADER
fixed length control field 01971cam a2200337 a 4500
001 - CONTROL NUMBER
control field 16042491
003 - CONTROL NUMBER IDENTIFIER
control field NUST
005 - DATE AND TIME OF LATEST TRANSACTION
control field 20221208135212.0
008 - FIXED-LENGTH DATA ELEMENTS--GENERAL INFORMATION
fixed length control field 100106s2010 enk 000 0 eng
010 ## - LIBRARY OF CONGRESS CONTROL NUMBER
LC control number 2010000451
020 ## - INTERNATIONAL STANDARD BOOK NUMBER
International Standard Book Number 9780195144215 (hc)
020 ## - INTERNATIONAL STANDARD BOOK NUMBER
International Standard Book Number 019514421X
035 ## - SYSTEM CONTROL NUMBER
System control number (OCoLC)ocn456181394
040 ## - CATALOGING SOURCE
Original cataloging agency DLC
Transcribing agency DLC
Modifying agency YDX
-- YDXCP
-- CDX
-- BWX
-- ABG
-- FDA
-- DLC
043 ## - GEOGRAPHIC AREA CODE
Geographic area code aw-----
050 00 - LIBRARY OF CONGRESS CALL NUMBER
Classification number BP50
Item number .L48 2010
082 00 - DEWEY DECIMAL CLASSIFICATION NUMBER
Classification number 297.2720956,LEW
Edition number 22
100 1# - MAIN ENTRY--PERSONAL NAME
Personal name Lewis, Bernard,
Dates associated with a name 1916-2018.
9 (RLIN) 85942
245 10 - TITLE STATEMENT
Title Faith and power :
Remainder of title religion and politics in the Middle East /
Statement of responsibility, etc. Bernard Lewis.
260 ## - PUBLICATION, DISTRIBUTION, ETC.
Place of publication, distribution, etc. Oxford ;
-- New York, NY :
Name of publisher, distributor, etc. Oxford University Press,
Date of publication, distribution, etc. 2010.
300 ## - PHYSICAL DESCRIPTION
Extent xxi, 208 p. ;
Dimensions 22 cm.
505 0# - FORMATTED CONTENTS NOTE
Formatted contents note License to kill : Osama bin Ladin's declaration of jihad (Page-1), Europe and Islam (Page-10), Religion and politics in Islam and Judaism (Page-39), Islam and liberal democracy (Page-55), Free at last? : the Arab world in the Twenty-first century (Page-75), Gender and the clash of civilizations (Page-89), Democracy and religion in the Middle East (Page-126), Peace and freedom in the Middle East (Page-131), Democracy, legitimacy, and succession in the Middle East: The relevance of history : transcript, Organization of the Islamic Conference, European Union, France (Page-153), Freedom and justice in Islam (Page-158), Europe and Islam (Page-169), Freedom and justice in the modern Middle East (Page-191).
650 #0 - SUBJECT ADDED ENTRY--TOPICAL TERM
Topical term or geographic name entry element Islam
General subdivision History.
9 (RLIN) 6120
650 #0 - SUBJECT ADDED ENTRY--TOPICAL TERM
Topical term or geographic name entry element Islam
General subdivision Relations.
9 (RLIN) 37246
650 #0 - SUBJECT ADDED ENTRY--TOPICAL TERM
Topical term or geographic name entry element East and West.
9 (RLIN) 10370
651 #0 - SUBJECT ADDED ENTRY--GEOGRAPHIC NAME
Geographic name Middle East
General subdivision Religion.
9 (RLIN) 104480
856 42 - ELECTRONIC LOCATION AND ACCESS
Materials specified Contributor biographical information
Uniform Resource Identifier <a href="http://www.loc.gov/catdir/enhancements/fy1101/2010000451-b.html">http://www.loc.gov/catdir/enhancements/fy1101/2010000451-b.html</a>
856 42 - ELECTRONIC LOCATION AND ACCESS
Materials specified Publisher description
Uniform Resource Identifier <a href="http://www.loc.gov/catdir/enhancements/fy1101/2010000451-d.html">http://www.loc.gov/catdir/enhancements/fy1101/2010000451-d.html</a>
856 41 - ELECTRONIC LOCATION AND ACCESS
Materials specified Table of contents only
Uniform Resource Identifier <a href="http://www.loc.gov/catdir/enhancements/fy1101/2010000451-t.html">http://www.loc.gov/catdir/enhancements/fy1101/2010000451-t.html</a>
942 ## - ADDED ENTRY ELEMENTS (KOHA)
Source of classification or shelving scheme
Koha item type Book
Call number prefix 297.2720956,LEW
Holdings
Withdrawn status Lost status Source of classification or shelving scheme Damaged status Not for loan Permanent Location Current Location Shelving location Date acquired Total Checkouts Full call number Barcode Date last seen Price effective from Koha item type Public note
          Military College of Signals (MCS) Military College of Signals (MCS) General Stacks 12/08/2022   297.2720956,LEW MCS37565 12/08/2022 12/08/2022 Book Almirah No.47, Shelf No.4
© 2023 Central Library, National University of Sciences and Technology. All Rights Reserved.